000 00343nam a22001457a 4500
020 _a978-81-226-1369-8
082 _a920
_bMRI/N
100 _aMRINAL SEN
245 _aNIRANTHARA JANANAM
250 _aFIRST EDITION
260 _aTHRISSUR
_bCURRENT BOOKS
_c2016
300 _a272
650 _aALWAYS BEING BOR - A MEMOIR
_zKERALA
942 _cBK
999 _c6970
_d6970